[Event "34th Chess Olympiad (women)"]
[Site "Istanbul"]
[Date "2000.11.08"]
[Round "11.21.2"]
[White "Te-Lallemand, Rosa"]
[Black "Henriques, Sofia"]
[WhiteElo "2289"]
[BlackElo "2032"]
[WhiteCountry "FRA"]
[BlackCountry "POR"]
[Result "1-0"]

1. e4 e5 2. Nf3 Nc6 3. Bb5 a6 4. Ba4 Nf6 5. Qe2 b5 6. Bb3 Be7 7. c3 O-O 
8. d3 d5 9. h3 Bb7 10. Nbd2 Re8 11. Nf1 Bf8 12. Ng3 Na5 13. Bc2 g6 14. O-O c5 
15. Bg5 h6 16. Be3 Qc7 17. Nh2 Rad8 18. Rae1 c4 19. d4 dxe4 20. dxe5 Nd5 
21. Ng4 h5 22. Nf6+ Nxf6 23. exf6 h4 24. Nf5 Qe5 25. Ne7+ Bxe7 26. fxe7 Rd7 
27. Qg4 Rdxe7 28. Qxh4 Nc6 29. Bg5 Re6 30. Rxe4 Qg7 31. Rfe1 Ne5 32. R4e3 f6 
33. Bxf6 Nf3+ 34. gxf3 
1-0

[Event "34th Chess Olympiad (women)"]
[Site "Istanbul"]
[Date "2000.11.08"]
[Round "11.21.3"]
[White "Coimbra, Margarida"]
[Black "Muller, Anne"]
[WhiteElo "2043"]
[BlackElo "2135"]
[WhiteCountry "POR"]
[BlackCountry "FRA"]
[Result "0-1"]

1. e4 c5 2. Nc3 Nc6 3. g3 g6 4. Bg2 Bg7 5. d3 Rb8 6. Be3 b5 7. Qd2 b4 8. Nd1 d6 
9. Ne2 Qb6 10. O-O h5 11. h4 Nf6 12. f3 e5 13. Nf2 a5 14. Nh3 Nd4 15. c4 bxc3 
16. bxc3 Nxe2+ 17. Qxe2 O-O 18. c4 Bd7 19. Qd1 Qa7 20. Qc2 Rb6 21. Bd2 a4 
22. Bc3 Rfb8 23. Rab1 Qb7 24. Rxb6 Qxb6 25. Nf2 Ne8 26. Nd1 Nc7 27. Ne3 Qb7 
28. Rf2 Qb1+ 29. Qxb1 Rxb1+ 30. Rf1 Rb8 31. Nd1 Kf8 32. Kf2 Bh6 33. Bb2 Ke7 
34. Ba3 Na6 35. Nc3 Bc6 36. Nd5+ Bxd5 37. exd5 Nb4 38. Bxb4 cxb4 39. Rb1 b3 
40. axb3 axb3 41. g4 Bf4 42. gxh5 gxh5 43. Ke2 b2 
0-1

[Event "34th Chess Olympiad (women)"]
[Site "Istanbul"]
[Date "2000.11.08"]
[Round "11.22.2"]
[White "Palao, Maricela"]
[Black "Piarnpuu, Leili"]
[WhiteElo "2159"]
[BlackElo "2227"]
[WhiteCountry "COL"]
[BlackCountry "EST"]
[Result "1/2-1/2"]

1. d4 e6 2. c4 f5 3. Nf3 Nf6 4. g3 d5 5. Bg2 c6 6. Qc2 Bd6 7. O-O O-O 8. b3 Qe7 
9. Bb2 b6 10. a3 a5 11. Nbd2 Bb7 12. Ne5 Na6 13. cxd5 cxd5 14. Qd3 Rfc8 
15. Ndf3 Ne4 16. Rfc1 Rxc1+ 17. Bxc1 Nc7 18. Bb2 Ba6 19. Qc2 Bb7 20. Rc1 Qe8 
21. Qd3 Rc8 22. Bf1 Ba6 23. Qe3 Nb5 24. a4 Na7 25. h3 Bb4 26. Nd3 Bd6 
27. Nde5 Nc6 28. Nxc6 Rxc6 29. Ne5 Rc8 30. g4 Bb4 31. gxf5 Bd2 32. Rxc8 Qxc8 
33. Qf3 exf5 34. Qh5 Qe6 35. h4 Be1 36. f3 Nf6 37. Qg5 h6 38. Qg6 Bxh4 
39. Bh3 Bc8 40. Bc1 Nh7 41. Bxh6 Qxg6+ 42. Nxg6 Bf6 43. Be3 Ng5 44. Bg2 Ne6 
45. Ne5 g5 46. Kf1 Kg7 47. Bh3 Nc7 48. Bf2 Be6 49. Ke1 Be7 50. Nd3 Bd6 
51. Kf1 Kf6 52. Be1 Na6 53. Bd2 Be7 54. Bc3 Bd6 55. Bd2 Be7 56. Bc3 Bd6 
1/2-1/2

[Event "34th Chess Olympiad (women)"]
[Site "Istanbul"]
[Date "2000.11.08"]
[Round "11.22.3"]
[White "Bashkite, Viktoria"]
[Black "Ortiz, Nadya"]
[WhiteElo "2052"]
[BlackElo "2000"]
[WhiteCountry "EST"]
[BlackCountry "COL"]
[Result "1/2-1/2"]

1. Nf3 Nf6 2. g3 g6 3. b3 Bg7 4. Bb2 d5 5. Bg2 O-O 6. O-O c5 7. e3 Bg4 
8. h3 Bxf3 9. Bxf3 Nc6 10. d3 Rc8 11. Nd2 b6 12. Bg2 e6 13. f4 Qc7 14. Nf3 Nh5 
15. Bxg7 Nxg7 16. Qe2 e5 17. fxe5 Nxe5 18. e4 Nh5 19. exd5 Nxf3+ 20. Rxf3 Nxg3 
21. Qf2 Nf5 22. Rf1 Rce8 23. Rxf5 gxf5 24. Qxf5 f6 25. Qh5 Kh8 26. Qh4 Qe5 
27. Be4 f5 28. Bg2 Qd4+ 29. Qxd4+ cxd4 30. Rf4 Re2 31. Kf1 Rxc2 32. Rxd4 Rxa2 
33. d6 Rc8 34. Rc4 Rd8 35. Rd4 Rc2 36. b4 Kg7 37. b5 Rc5 38. Bc6 a6 39. d7 axb5 
40. Bb7 b4 41. Bc8 Rb5 42. Ba6 Rc5 43. Bc8 Rcxc8 44. dxc8=Q Rxc8 45. Rxb4 Rc6 
46. Kf2 Kg6 47. Kf3 Rd6 48. Ke3 Kg5 49. h4+ Kg6 50. Ke2 h6 51. Ke3 Kf7 
52. Kf4 Rf6 53. h5 Ke7 54. Rb5 Kf7 
1/2-1/2

[Event "34th Chess Olympiad (women)"]
[Site "Istanbul"]
[Date "2000.11.08"]
[Round "11.23.1"]
[White "Hamid, Rani"]
[Black "Geldyeva, Mexnri"]
[WhiteElo "2106"]
[BlackElo "2283"]
[WhiteCountry "BAN"]
[BlackCountry "TKM"]
[Result "1/2-1/2"]

1. e4 c5 2. Nf3 Nc6 3. d4 cxd4 4. Nxd4 Nf6 5. Nc3 e5 6. Ndb5 d6 7. Bg5 a6 
8. Na3 b5 9. Nd5 Be7 10. Bxf6 Bxf6 11. c3 O-O 12. Nc2 Bg5 13. a4 Rb8 
14. axb5 axb5 15. Be2 g6 16. O-O f5 17. Ncb4 Nxb4 18. Nxb4 Bb7 19. exf5 gxf5 
20. Nd5 Kh8 21. Bxb5 Rg8 22. Bc4 Rg7 23. b3 Qe8 24. Qd3 Qg6 25. Ra2 e4 
26. Qe2 f4 27. f3 e3 28. g3 fxg3 29. hxg3 Bxd5 30. Bxd5 Bh4 31. g4 Bf2+ 
32. Rxf2 exf2+ 33. Qxf2 Rf8 34. Qd2 Re7 35. Qd4+ Qg7 36. Ra6 Qxd4+ 37. cxd4 Re2 
38. Rxd6 Rd2 39. Be4 Rc8 40. Bc6 Rb8 41. Ba4 Rf8 42. Bc6 Rb8 
1/2-1/2

[Event "34th Chess Olympiad (women)"]
[Site "Istanbul"]
[Date "2000.11.08"]
[Round "11.23.2"]
[White "Atbashieva, Guldjahan"]
[Black "Sultana, Zakia"]
[WhiteElo "2243"]
[BlackElo "2044"]
[WhiteCountry "TKM"]
[BlackCountry "BAN"]
[Result "1/2-1/2"]

1. c4 g6 2. Nc3 Bg7 3. Nf3 Nf6 4. e4 d6 5. g3 O-O 6. Bg2 c6 7. O-O Nbd7 
8. Qc2 e5 9. b4 Re8 10. Rb1 Nf8 11. d3 Ne6 12. h3 Bd7 13. Kh2 Nh5 14. Ba3 Qc7 
15. c5 dxc5 16. bxc5 b5 17. Ne2 a5 18. Bc1 Red8 19. Ng5 h6 20. Nxe6 Bxe6 
21. f4 Qd7 22. Rf3 f6 23. a3 g5 24. f5 Bf7 
1/2-1/2

[Event "34th Chess Olympiad (women)"]
[Site "Istanbul"]
[Date "2000.11.08"]
[Round "11.23.3"]
[White "Khan, Nazrana"]
[Black "Ovezova, Maisa"]
[WhiteElo "2000"]
[BlackElo "2174"]
[WhiteCountry "BAN"]
[BlackCountry "TKM"]
[Result "0-1"]

1. d4 d5 2. c4 c6 3. cxd5 cxd5 4. Nc3 Nf6 5. Nf3 Nc6 6. e3 Bg4 7. Be2 e6 
8. Bd2 Bd6 9. a3 O-O 10. h3 Bh5 11. g4 Bg6 12. Rc1 a6 13. Na4 Ne4 14. Nc5 Bxc5 
15. dxc5 d4 16. exd4 Nxd4 17. Bb4 Nc6 18. Qxd8 Rfxd8 19. O-O a5 20. Be1 a4 
21. Bb4 Nxb4 22. axb4 a3 23. bxa3 Rxa3 24. Rfd1 Rc8 25. c6 bxc6 26. Rxc6 Rb8 
27. Rdc1 h6 28. b5 Ra2 29. Kf1 Rxb5 30. Nh4 Nd2+ 31. Ke1 Re5 32. Nxg6 fxg6 
33. R1c2 Nf3+ 34. Kf1 Ra1+ 35. Rc1 Nh2+ 36. Ke1 Ra2 37. R6c2 Nf3+ 38. Kf1 Rxc2 
39. Rxc2 Nd4 40. Rc8+ Kf7 41. Bd3 Nf3 42. Bc2 Re1+ 43. Kg2 Nh4+ 44. Kh2 Rf1 
45. Kg3 g5 46. Be4 Rg1+ 47. Kh2 Re1 48. Bb7 Ng6 49. Rc2 Nf4 50. Ra2 Rb1 
51. Bc6 Rb3 52. Bg2 Kf6 53. Rc2 Nd3 54. Re2 Rb2 55. Rxb2 Nxb2 56. Ba8 Ke5 
57. Kg3 Nd3 58. Bb7 Nf4 59. Bf3 Ng6 60. Be2 Kd4 61. Bd1 e5 62. Bc2 Nf4 
63. Bf5 Ne2+ 64. Kg2 e4 65. Bd7 Kd3 66. Bf5 Kd4 67. Bd7 g6 68. Bb5 Nf4+ 
69. Kg3 Nd3 70. Be8 Ne5 71. Bb5 Kc3 72. Ba6 Nd3 73. Bb7 Kd4 74. Bc6 Ke5 
75. Bb5 Nf4 76. Ba6 Ne6 77. Bc4 h5 78. Bb5 h4+ 79. Kg2 Kd4 80. Bc6 Kd3 
81. Ba8 Nc5 82. Bd5 Ke2 83. Bc6 Kd3 84. Bd5 Nd7 85. Bc6 Ne5 86. Bb7 e3 
87. fxe3 Kxe3 88. Bd5 Kf4 89. Be6 Nd3 90. Bd5 Ke3 91. Bc6 Nf4+ 92. Kh2 Kf2 
93. Be4 Ne6 94. Bxg6 Nd4 95. Bd3 Nf3+ 96. Kh1 Kg3 97. Bf1 Nd2 98. Bg2 Nc4 
99. Kg1 Ne3 100. Be4 Kxh3 101. Bf5 Nxg4 102. Bc8 Kg3 103. Bb7 h3 104. Bg2 h2+ 
105. Kf1 Ne3+ 
0-1

[Event "34th Chess Olympiad (women)"]
[Site "Istanbul"]
[Date "2000.11.08"]
[Round "11.24.1"]
[White "Batceceg, Tuvshintogs"]
[Black "Cinak, Nilufer"]
[WhiteElo "2237"]
[BlackElo "2057"]
[WhiteCountry "MGL"]
[BlackCountry "TURA"]
[Result "1-0"]

1. d4 c5 2. d5 Nf6 3. c4 b5 4. cxb5 a6 5. Nc3 axb5 6. e4 b4 7. Nb5 d6 8. Bf4 g6 
9. e5 Nh5 10. exd6 Bg7 11. Nc7+ Kf8 12. Bg5 Qxd6 13. Nxa8 Qe5+ 14. Be3 Qxb2 
15. Rc1 Qxa2 16. Nb6 Ba6 17. Bxa6 Qxa6 18. Na4 c4 19. Ne2 Nd7 20. O-O Nhf6 
21. Nc5 Nxc5 22. Bxc5 Qb5 23. Bd4 h5 24. Re1 h4 25. Qc2 c3 26. Qb3 h3 
27. Rxc3 hxg2 28. Rc8+ Ne8 29. Qc4 
1-0

[Event "34th Chess Olympiad (women)"]
[Site "Istanbul"]
[Date "2000.11.08"]
[Round "11.24.2"]
[White "Cavusoglu, Yildiz"]
[Black "Mongontuul, Bathuyang"]
[WhiteElo "2000"]
[BlackElo "2110"]
[WhiteCountry "TURA"]
[BlackCountry "MGL"]
[Result "0-1"]

1. d4 Nf6 2. Nf3 g6 3. Bf4 Bg7 4. e3 O-O 5. Be2 d6 6. h3 a6 7. O-O b5 
8. c3 Nbd7 9. a4 bxa4 10. Qxa4 c5 11. Nbd2 Nb6 12. Qa5 Nfd7 13. Bh2 Bb7 
14. Qa3 e5 15. dxe5 dxe5 16. Rfd1 Qe7 17. Nb3 Bxf3 18. Bxf3 Nc4 19. Qa2 Ra7 
20. Be2 Ndb6 21. Na5 Nxa5 22. Qxa5 Nd7 23. Rd2 f5 24. Rad1 f4 25. exf4 exf4 
26. Qa4 Kh8 27. Bg4 Nf6 28. Bf3 g5 29. Re2 Qf7 30. Qa3 Rc8 31. Red2 Qe7 
32. Qa4 h5 33. g4 hxg4 34. hxg4 Bf8 35. Qc2 Qg7 36. Qf5 Re8 37. Rd8 Rae7 
38. Rxe8 Nxe8 39. Qc8 Qh6 40. Rd7 Qe6 41. Rd8 Qxc8 42. Rxc8 Kg7 43. Kg2 Re1 
44. Rc6 a5 45. Ra6 Nd6 46. Rxa5 Nc4 47. Ra7+ Kf6 48. b3 Nd2 49. Bd5 Bd6 
50. Rf7+ Kg6 51. Rf5 Be5 52. Rf8 Bxc3 53. Rg8+ Kh6 54. Rh8+ 
0-1

[Event "34th Chess Olympiad (women)"]
[Site "Istanbul"]
[Date "2000.11.08"]
[Round "11.24.3"]
[White "Otgonjargal, Sengeravdan"]
[Black "Yildiz, Betul"]
[WhiteElo "2000"]
[BlackElo "2000"]
[WhiteCountry "MGL"]
[BlackCountry "TURA"]
[Result "0-1"]

1. e4 c5 2. Nf3 a6 3. c4 e6 4. d4 cxd4 5. Nxd4 Nf6 6. Nc3 Qc7 7. Bd3 Nc6 
8. Nxc6 dxc6 9. f4 e5 10. O-O Bd6 11. f5 h5 12. Qf3 Ng4 13. h3 Bc5+ 14. Kh1 Qd8 
15. Nd1 Qd4 16. Rb1 b5 17. b4 bxc4 18. Be2 Ba7 19. Bb2 Qd6 20. Qc3 Bb7 
21. Qxc4 Rd8 22. Qc1 Qd2 23. Bf3 Rd3 24. Qxd2 Rxd2 25. a4 Ke7 26. Ba3 Kf6 
27. Bc1 Rc2 28. h4 Ke7 29. Ba3 Ke8 30. Rb2 Rc4 31. Rd2 Rd4 32. Rc2 Kd7 
33. Nf2 Ne3 34. Rfc1 Nxc2 35. Rxc2 g6 36. Bb2 Rxb4 37. Nd3 Rxa4 38. Nxe5+ Kc7 
39. Nxc6 Bxc6 40. Bxh8 Kd7 41. Rd2+ Ke7 42. fxg6 fxg6 43. Kh2 Bb8+ 44. g3 Ke6 
45. Kg2 Be5 46. Bxe5 Kxe5 47. Re2 a5 48. Rb2 Rc4 49. Kf2 a4 50. g4 hxg4 
51. Bxg4 Rxe4 52. Kg3 Bd5 53. Rb5 Re3+ 54. Kf2 Rb3 55. Ra5 a3 56. h5 gxh5 
57. Bxh5 Ke6 58. Ra6+ Kd7 59. Ke1 Rb1+ 60. Kd2 a2 61. Bf3 Bc4 62. Ra7+ Kd6 
63. Kc3 Be6 64. Ra6+ Ke5 65. Ra5+ Kf4 66. Be2 a1=Q+ 
0-1

[Event "34th Chess Olympiad (women)"]
[Site "Istanbul"]
[Date "2000.11.08"]
[Round "11.25.1"]
[White "Delai, Paula"]
[Black "Burijovich, Liliana"]
[WhiteElo "2110"]
[BlackElo "2182"]
[WhiteCountry "BRA"]
[BlackCountry "ARG"]
[Result "0-1"]

1. d4 f5 2. g3 Nf6 3. Bg2 e6 4. c4 d5 5. Nf3 c6 6. b3 Bd6 7. O-O O-O 
8. Ba3 Bxa3 9. Nxa3 Qe7 10. Nc2 b6 11. Nce1 Bb7 12. Nd3 Nbd7 13. Rc1 Rac8 
14. Nfe5 Nxe5 15. Nxe5 c5 16. e3 dxc4 17. Bxb7 Qxb7 18. Rxc4 Rfd8 19. Qd3 cxd4 
20. Rxd4 Rxd4 21. Qxd4 Qd5 22. Rd1 Qxd4 23. Rxd4 Nd5 24. Rd2 Kf8 25. Kg2 Ke7 
26. h4 Rc7 27. Kf3 b5 28. Nd3 Nf6 29. Nf4 Ne4 30. Rb2 a5 31. Nd3 Kd6 
32. Ke2 Rc3 33. Ne1 Rc1 34. Nf3 e5 35. Ne1 Ra1 36. Nc2 Rxa2 37. Rxa2 Nc3+ 
38. Kd3 Nxa2 39. Na3 Kc5 40. Kc2 e4 
0-1

[Event "34th Chess Olympiad (women)"]
[Site "Istanbul"]
[Date "2000.11.08"]
[Round "11.25.2"]
[White "Hernandez, Penna Sabina"]
[Black "Ribeiro, Regina"]
[WhiteElo "2141"]
[BlackElo "2104"]
[WhiteCountry "ARG"]
[BlackCountry "BRA"]
[Result "1/2-1/2"]

1. e4 c5 2. Nf3 Nc6 3. d4 cxd4 4. Nxd4 Nf6 5. Nc3 e6 6. Ndb5 d6 7. Bf4 e5 
8. Bg5 a6 9. Na3 b5 10. Nd5 Be7 11. Bxf6 Bxf6 12. c3 Be6 13. Nc2 Bg5 14. a4 O-O 
15. axb5 axb5 16. Rxa8 Qxa8 17. h4 Bh6 18. Bxb5 Bxd5 19. Qxd5 Ne7 20. Qxa8 Rxa8 
21. Ke2 d5 22. f3 g6 23. Nb4 Rb8 24. Bd3 d4 25. Ra1 Nc8 26. Ra5 Bf4 
27. Rb5 Rxb5 28. Bxb5 Nd6 29. Bd3 Bc1 30. c4 Bxb2 31. Nc6 f6 32. c5 Nb7 
33. Ne7+ Kf7 34. c6 Nd6 35. Nd5 Ke6 36. Ba6 f5 37. Kd3 Bc3 38. Nb6 Ba5 
39. Nd7 fxe4+ 40. fxe4 h6 41. Nc5+ fxe4+ 42. fxe4 h6 43. Nc5+ 
1/2-1/2

[Event "34th Chess Olympiad (women)"]
[Site "Istanbul"]
[Date "2000.11.08"]
[Round "11.25.3"]
[White "Chaves, Joara"]
[Black "Zuriel, Marisa"]
[WhiteElo "2057"]
[BlackElo "2089"]
[WhiteCountry "BRA"]
[BlackCountry "ARG"]
[Result "0-1"]

1. e4 c5 2. Nc3 Nc6 3. f4 d6 4. Bb5 e6 5. Bxc6+ bxc6 6. Nf3 Nf6 7. d3 d5 
8. O-O Be7 9. Qe1 Ba6 10. Ne5 Qc7 11. Rf3 Rd8 12. Rh3 Nd7 13. Nf3 c4 14. d4 Nb6 
15. Bd2 c5 16. Qg3 g6 17. Be3 dxe4 18. Nxe4 Nd5 19. Bd2 cxd4 20. Nxd4 Nf6 
21. Nxf6+ Bxf6 22. c3 Qb6 23. Rb1 Bb7 24. Be3 Be4 25. Nc2 Qa5 26. Rc1 Qxa2 
27. Qe1 Qxb2 28. Qf2 Bxc2 29. Qxc2 Qxc2 30. Rxc2 Rd7 31. Bc5 Rc7 32. Bb4 Be7 
33. Ba5 Rc5 34. Ra2 Rb5 35. Kf2 O-O 36. Bc7 Rc8 37. Be5 a5 38. Ra4 Bc5+ 
39. Kf3 Bb6 40. g4 f5 41. gxf5 exf5 42. Rg3 Rb2 43. Rg2 Rxg2 44. Kxg2 Kf7 
45. Ra2 Ke6 46. Kf3 g5 47. h3 h5 48. Kg3 Rc6 49. Re2 g4 50. Kh4 Kf7 
51. hxg4 hxg4 52. Kg5 g3 53. Rg2 Bf2 54. Kxf5 a4 55. Bd4 Bxd4 56. cxd4 c3 
57. d5 c2 58. dxc6 c1=Q 59. Rxg3 Qxc6 60. Kg5 Qg6+ 61. Kh4 Qxg3+ 
0-1

[Event "34th Chess Olympiad (women)"]
[Site "Istanbul"]
[Date "2000.11.08"]
[Round "11.26.2"]
[White "Peicheva-Hansen, Evgenia"]
[Black "Pourkashiyan, Atousa"]
[WhiteElo "2162"]
[BlackElo "2000"]
[WhiteCountry "DEN"]
[BlackCountry "IRI"]
[Result "1-0"]

1. c4 e6 2. Nf3 d5 3. g3 Nf6 4. Bg2 Be7 5. O-O O-O 6. b3 Nbd7 7. Bb2 c6 
8. d3 Qc7 9. Nc3 b6 10. Rc1 Bb7 11. cxd5 exd5 12. Nd4 Bc5 13. Na4 Bxd4 
14. Bxd4 Qd6 15. Qd2 Rfe8 16. Rc2 Nf8 17. e3 Re7 18. b4 Rae8 19. a3 N6d7 
20. Rfc1 Ne5 21. Nc3 Ne6 22. Bxe5 Qxe5 23. d4 Qd6 24. Na4 Ng5 25. Nb2 Qd7 
26. h4 Ne4 27. Qd1 f6 28. Nd3 Nd6 29. Nf4 Ne4 30. Bh3 Qd8 31. Bf5 Nd6 
32. Bd3 g6 33. Qf3 Qd7 34. Bf1 Ne4 35. Bh3 Qd8 36. Kh2 Kf7 37. g4 Qd6 
38. Kh1 Kg7 39. Rg1 c5 40. bxc5 bxc5 41. g5 fxg5 42. hxg5 cxd4 43. Qd1 dxe3 
44. fxe3 Kg8 45. Qd4 a6 46. a4 Re5 47. Rb2 R8e7 48. Bg2 Qc6 49. Rb6 Qc3 
50. Rgb1 Qc8 51. Rxb7 Rxb7 52. Rxb7 Qc1+ 53. Kh2 Qe1 54. Bxe4 Qh4+ 55. Nh3 Qxe4 
56. Qxe4 Rxe4 57. Rd7 Rxe3 58. Rxd5 Re4 59. Ra5 Re6 60. Nf4 Rd6 61. Nd5 h6 
62. gxh6 Kh7 63. Nc7 Kxh6 64. Nxa6 g5 65. Nc5 Rd5 66. Rb5 g4 67. Kg3 Rd4 68. a5 
1-0

[Event "34th Chess Olympiad (women)"]
[Site "Istanbul"]
[Date "2000.11.08"]
[Round "11.26.3"]
[White "Khachatorian, Yarazik"]
[Black "Steffensen, Elena"]
[WhiteElo "2000"]
[BlackElo "2068"]
[WhiteCountry "IRI"]
[BlackCountry "DEN"]
[Result "1/2-1/2"]

1. e4 g6 2. d4 Bg7 3. c3 d6 4. f4 e5 5. dxe5 dxe5 6. Qxd8+ Kxd8 7. Nf3 exf4 
8. Bxf4 Nf6 9. Ng5 Ke7 10. Bc4 Be6 11. Nxe6 fxe6 12. O-O Nbd7 13. e5 Nd5 
14. Bg5+ Ke8 15. Bxd5 exd5 16. e6 Ne5 17. Nd2 h6 18. Bf4 Rf8 19. Bxe5 Bxe5 
20. Nf3 Bd6 21. Nh4 Rxf1+ 22. Rxf1 Ke7 23. Nxg6+ Kxe6 24. Rf3 Bc5+ 25. Kf1 Bd6 
26. Rh3 Kf6 27. Nh4 Re8 28. Rf3+ Kg5 29. g3 Rf8 30. Kg2 
1/2-1/2

[Event "34th Chess Olympiad (women)"]
[Site "Istanbul"]
[Date "2000.11.08"]
[Round "11.27.1"]
[White "Blanco, Acevedo Maria Carolina"]
[Black "Lai, Xiaoqing"]
[WhiteElo "2030"]
[BlackElo "2000"]
[WhiteCountry "VEN"]
[BlackCountry "JPN"]
[Result "0-1"]

1. c4 e6 2. Nc3 d5 3. cxd5 exd5 4. d4 Nf6 5. Nf3 Be7 6. Bf4 c6 7. h3 Qa5 
8. a3 O-O 9. b4 Qd8 10. e3 Bf5 11. g4 Bg6 12. Ne5 Ne4 13. Nxe4 Bxe4 14. f3 Bh4+ 
15. Ke2 Bg6 16. Rg1 Be7 17. Nxg6 fxg6 18. g5 Bd6 19. Bxd6 Qxd6 20. Rg4 Nd7 
21. Qd3 a5 22. b5 cxb5 23. Qxb5 Rac8 24. f4 Rc2+ 25. Kd1 Rfc8 26. Bg2 Nb6 
27. Rb1 Qxa3 28. Bxd5+ Nxd5 29. Qxd5+ Kh8 30. Qb3 Rc1+ 31. Kd2 R8c2+ 
32. Qxc2 Rxc2+ 33. Kxc2 Qxe3 34. Rgg1 Qe2+ 35. Kc3 b5 36. d5 Qc4+ 37. Kb2 a4 
38. Ka3 Qc3+ 39. Ka2 b4 40. Rbc1 Qd2+ 41. Kb1 Qd3+ 42. Ka1 Kg8 43. Rc8+ Kf7 
44. Re1 Qd4+ 45. Kb1 Qxf4 46. Rce8 Qxg5 47. R8e5 Qf4 48. d6 g5 49. d7 Qd2 
50. Re7+ Kg6 51. R1e6+ Kh5 52. Rxg7 Qd1+ 53. Ka2 Qc2+ 54. Ka1 Qc1+ 55. Ka2 b3# 
0-1

[Event "34th Chess Olympiad (women)"]
[Site "Istanbul"]
[Date "2000.11.08"]
[Round "11.27.3"]
[White "Sanchez, Aliris"]
[Black "Matsuo, Akemi"]
[WhiteElo "2000"]
[BlackElo "2000"]
[WhiteCountry "VEN"]
[BlackCountry "JPN"]
[Result "1-0"]

1. d4 d5 2. Nf3 e6 3. e3 Nf6 4. Bd3 Be7 5. O-O O-O 6. b3 Nc6 7. a3 a6 8. c4 Bd7 
9. Nc3 Bc8 10. Bb2 b6 11. Ne5 Nxe5 12. dxe5 Ne8 13. cxd5 exd5 14. Nxd5 c6 
15. Nf4 Nc7 16. Qc2 Ne6 17. Bxh7+ Kh8 18. Be4 Bd7 19. Qe2 g6 20. Rfd1 Qc7 
21. Rac1 Ra7 22. Nxe6 Bxe6 23. Rxc6 Qb8 24. Bxg6 Rc7 25. Qh5+ 
1-0

[Event "34th Chess Olympiad (women)"]
[Site "Istanbul"]
[Date "2000.11.08"]
[Round "11.28.1"]
[White "Milligan, Helen"]
[Black "Hagesaether, Ellen"]
[WhiteElo "2123"]
[BlackElo "2044"]
[WhiteCountry "SCO"]
[BlackCountry "NOR"]
[Result "1/2-1/2"]

1. e4 d6 2. d4 Nf6 3. Nc3 g6 4. f4 Bg7 5. Nf3 O-O 6. Be3 c5 7. dxc5 Qa5 
8. Bd3 Ng4 9. Bd2 Qxc5 10. Qe2 Nc6 11. h3 Nf6 12. Na4 Nd4 13. Nxc5 Nxe2 
14. Kxe2 dxc5 15. c3 Nh5 16. Kf2 Rd8 17. Bc4 Bh6 18. g3 e5 19. Rad1 exf4 
20. Bxf4 Rxd1 21. Rxd1 Nxf4 22. Rd8+ Kg7 23. gxf4 Bxf4 24. e5 Rb8 25. Re8 g5 
26. Re7 Bxh3 27. Rxf7+ Kg6 28. Rf6+ Kg7 29. Rf7+ Kg6 30. Rf6+ Kg7 31. Rf7+ 
1/2-1/2

[Event "34th Chess Olympiad (women)"]
[Site "Istanbul"]
[Date "2000.11.08"]
[Round "11.28.2"]
[White "Berntsen, Sheila Barth"]
[Black "Rutherford, Elaine"]
[WhiteElo "2094"]
[BlackElo "2050"]
[WhiteCountry "NOR"]
[BlackCountry "SCO"]
[Result "1-0"]

1. e4 d5 2. exd5 Qxd5 3. Nc3 Qa5 4. Bc4 Nf6 5. d3 c6 6. Nge2 Bf5 7. O-O e6 
8. Ng3 Bg6 9. f4 Bd6 10. Kh1 Nbd7 11. Nce4 Nxe4 12. dxe4 Qc7 13. b4 O-O-O 
14. Qf3 h5 15. Be3 Nb6 16. Bd3 Bxb4 17. f5 h4 18. fxg6 hxg3 19. h3 f6 
20. a4 Nd7 21. Bc4 Rde8 22. Bd4 Bc5 23. Bxc5 Nxc5 24. Ra3 Rh6 25. Re3 Rxg6 
26. Qh5 Qf7 27. Qxc5 Rh8 28. Kg1 Rg5 29. Qd6 Re5 30. Qxe5 
1-0

[Event "34th Chess Olympiad (women)"]
[Site "Istanbul"]
[Date "2000.11.08"]
[Round "11.28.3"]
[White "Wilman, Carey"]
[Black "Johnsen, Sylvia"]
[WhiteElo "2066"]
[BlackElo "2049"]
[WhiteCountry "SCO"]
[BlackCountry "NOR"]
[Result "0-1"]

1. d4 g6 2. c4 Bg7 3. Nc3 Nf6 4. e4 d6 5. Be2 O-O 6. Bg5 c6 7. Qd2 Qc7 
8. Bh6 e5 9. Bxg7 Kxg7 10. h4 h5 11. f4 Bg4 12. Bxg4 Nxg4 13. O-O-O Na6 
14. Nh3 b5 15. c5 exf4 16. cxd6 Qxd6 17. e5 Qe7 18. Nxf4 Nc7 19. Ne4 Ne6 
20. Kb1 Rad8 21. Nd6 Nxf4 22. Qxf4 f6 23. Ne4 fxe5 24. Qg3 exd4 25. Rhe1 Ne3 
26. Ng5 c5 27. Rd3 Rde8 28. Qh3 Rf1 29. Rxf1 Nxf1 30. Qf3 Qe1+ 31. Qd1 Qxh4 
32. Nf3 Qe4 
0-1

[Event "34th Chess Olympiad (women)"]
[Site "Istanbul"]
[Date "2000.11.08"]
[Round "11.29.1"]
[White "Ostry, Irina"]
[Black "Cast, Abigail"]
[WhiteElo "2238"]
[BlackElo "2114"]
[WhiteCountry "KGZ"]
[BlackCountry "WLS"]
[Result "0-1"]

1. Nf3 d5 2. b4 Nf6 3. Bb2 e6 4. a3 Nbd7 5. e3 Bd6 6. c4 c6 7. c5 Bb8 8. d4 O-O 
9. Nbd2 b6 10. cxb6 axb6 11. Qc2 Qc7 12. Rc1 Bb7 13. Bd3 h6 14. h3 Rc8 
15. Nb3 Qd8 16. O-O Bd6 17. Qb1 Qe7 18. Rfd1 c5 19. dxc5 bxc5 20. Na5 Ba6 
21. Bxa6 Rxa6 22. Nb7 Raa8 23. Nxd6 Qxd6 24. e4 Qb6 25. exd5 exd5 26. Qf5 Rc6 
27. Re1 cxb4 28. Rxc6 Qxc6 29. axb4 Qc4 30. Rb1 g6 31. Qxf6 Nxf6 32. Bxf6 Rb8 
33. Ne5 Qf4 34. Ng4 Rc8 35. Bb2 Kf8 36. b5 Rc2 37. Ba3+ Kg7 38. b6 h5 
39. g3 Qd2 40. b7 hxg4 41. Bc5 Rc1+ 42. Rxc1 Qxc1+ 43. Kh2 Qb1 
0-1

[Event "34th Chess Olympiad (women)"]
[Site "Istanbul"]
[Date "2000.11.08"]
[Round "11.29.3"]
[White "Korsakova, Tatiana"]
[Black "Wilson, Julie"]
[WhiteElo "2035"]
[BlackElo "2000"]
[WhiteCountry "KGZ"]
[BlackCountry "WLS"]
[Result "1-0"]

1. d4 Nf6 2. c4 e6 3. Nf3 b6 4. Bg5 Be7 5. Nc3 Bb7 6. e3 h6 7. Bh4 O-O 
8. Nd2 d6 9. Bd3 Nbd7 10. O-O c5 11. Nf3 a6 12. Qe2 Rc8 13. Bg3 Nh5 
14. Rfd1 Qe8 15. Bc2 f5 16. dxc5 Nxg3 17. hxg3 Nxc5 18. Rac1 Nd7 19. Ba4 Qd8 
20. a3 Qc7 21. b4 Nf6 22. Nd4 Qxc4 23. Qxc4 Rxc4 24. Bb3 Bd5 25. Nxd5 exd5 
26. Bxc4 dxc4 27. Nxf5 Bd8 28. Rxc4 d5 29. Rc8 Kh7 30. f3 b5 31. Nd4 Re8 
32. Kf2 Bb6 33. Rxe8 Nxe8 34. Rc1 Nd6 35. Rc6 Nc4 36. Ke2 g6 37. Nc2 Kg7 
38. Rc8 Kf6 39. Ra8 a5 40. bxa5 Bxa5 41. Ra6+ Kf7 42. Nb4 Bxb4 43. axb4 h5 
44. Kd3 g5 45. Kd4 Ke7 46. Rh6 Nd6 47. Kxd5 Nf5 48. Rxh5 Nxe3+ 49. Ke4 Nc2 
50. Rxg5 Nxb4 51. Rxb5 
1-0

[Event "34th Chess Olympiad (women)"]
[Site "Istanbul"]
[Date "2000.11.08"]
[Round "11.30.1"]
[White "Shabanaj, Eglantina"]
[Black "Lim, Jean Nie"]
[WhiteElo "2176"]
[BlackElo "2168"]
[WhiteCountry "ALB"]
[BlackCountry "MAS"]
[Result "0-1"]

1. d4 Nf6 2. c4 e6 3. Nf3 Bb4+ 4. Bd2 Bxd2+ 5. Nbxd2 d5 6. cxd5 exd5 7. e3 O-O 
8. Bd3 Nbd7 9. O-O c5 10. Rc1 b6 11. e4 dxe4 12. Nxe4 Bb7 13. Re1 Nxe4 
14. Bxe4 Bxe4 15. Rxe4 Nf6 16. Re5 cxd4 17. Qxd4 Rc8 18. Rce1 Qxd4 
19. Nxd4 Rfd8 20. Nf5 Rc2 21. g4 h6 22. g5 hxg5 23. Ne7+ Kh7 24. Rxg5 Rxb2 
25. Re3 g6 26. Rf3 Kh6 27. h4 Ne4 28. Re5 Rd1+ 29. Kg2 Nd6 30. h5 Rbb1 
31. Rh3 Rg1+ 32. Kf3 g5 33. Rg3 Rxg3+ 34. fxg3 Kxh5 35. g4+ Kh6 36. Rd5 Nc4 
37. Nf5+ Kg6 38. Ne7+ Kg7 39. Nc6 Kf6 40. Rf5+ Kg6 41. Rd5 f6 42. Rd7 Ne5+ 
43. Nxe5+ fxe5 44. Rxa7 Rf1+ 45. Ke4 Kf6 46. Rb7 Rf4+ 47. Ke3 Rxg4 
48. Rxb6+ Kf5 49. Rb8 Ra4 50. Rf8+ Kg4 51. Re8 Ra3+ 52. Ke4 Rxa2 53. Ke3 Ra1 
54. Kf2 Ra5 55. Rf8 Ra3 56. Rf7 e4 57. Re7 e3+ 58. Ke2 Kg3 59. Re4 g4 
60. Re8 Kg2 61. Rg8 g3 62. Rg7 Kh2 63. Kf3 e2+ 64. Kxe2 g2 65. Kf2 Ra2+ 
66. Kf3 Kh1 67. Rh7+ Kg1 68. Rb7 Ra3+ 69. Ke2 Kh2 70. Rh7+ Rh3 
0-1

[Event "34th Chess Olympiad (women)"]
[Site "Istanbul"]
[Date "2000.11.08"]
[Round "11.30.2"]
[White "Lee, Samantha"]
[Black "Cima, Rozana"]
[WhiteElo "2000"]
[BlackElo "2055"]
[WhiteCountry "MAS"]
[BlackCountry "ALB"]
[Result "1/2-1/2"]

1. e4 e5 2. Nf3 Nc6 3. Bb5 f5 4. d3 fxe4 5. dxe4 d6 6. h3 Nf6 7. Nc3 Be7 
8. O-O O-O 9. Bc4+ Kh8 10. Bb3 h6 11. Be3 Nh7 12. Nd5 Na5 13. Qe2 c6 
14. Nc3 Qe8 15. Kh1 Qh5 16. Nh2 Qh4 17. Nf3 Qf6 18. Nh2 Qh4 19. Nf3 Qf6 20. Nh2 
1/2-1/2